|
|
|
|
| LEADER |
00000ny a22000003n 4500 |
| 005 |
2011051706326.0 |
| 008 |
100806s19uu9990 000 0 eng d |
| 020 |
|
|
|a 18701183
|
| 035 |
|
|
|a 4967
|
| 040 |
|
|
|a BUS
|d vLex
|
| 090 |
|
|
|c 2046
|d 2046
|
| 245 |
3 |
0 |
|a Foro jurd̕ico
|h [Recurso electrn̤ico]
|
| 256 |
|
|
|a Servicio en ln̕ea
|
| 260 |
|
|
|a Mx̌ico D.F. :
|b Foro jurd̕ico,
|
| 310 |
|
|
|a Mensual
|
| 506 |
1 |
|
|a Contenido solo disponible en los productos indicados
|d vLex Global
|d vLex Global (Academic Edition, excluding Law Schools)
|d vLex Global (U.S. Academic Edition, Law Schools)
|d vLex Global (U.S. Academic Edition, excluding Law Schools)
|d vLex Global (Academic Edition, Law Schools)
|
| 650 |
0 |
4 |
|a Derecho
|z Mx̌ico
|
| 740 |
0 |
|
|a vLex Revista (Servicios en ln̕ea)
|
| 843 |
|
|
|a Electrn̤ica. Abierta
|
| 853 |
|
|
|8 1
|i (year)
|j (month)
|k (day)
|
| 856 |
4 |
0 |
|u http://vlex.com/source/4967
|z Acceso restringido
|
| 942 |
|
|
|c REV
|